000 00706nam a2200217Ia 4500
008 130821s1956 xxu gr eng
040 _aCo-BoUCM
_bspa
041 0 0 _aeng
100 1 _aVon Mises, Ludwig
_d1881-1973
_9141965
245 1 4 _aThe anti-capitalistic mentality
_cLudwig Von Mises
260 _aPrinceton (Nueva Jersey, Estados Unidos)
_bVan Nostrand
_c1956
300 _avi, 114 páginas
500 _aDonación Dr. Álvaro Daza Roa.
500 _aIncluye índice.
650 0 4 _aCapitalismo
_910463
650 0 4 _aComunismo
_911425
650 0 4 _aSistemas económicos
_924652
650 0 4 _aSocialismo
_924700
942 _cLIBRO
_a7
_e1
_mV945a
_2DEWEY
_h335
999 _c72096
_d72096